Statistics for Governmental Districts of Germany on a Map

Click here to take the quiz!

General Stats

  • This quiz has been taken 121 times
  • The average score is 11 of 19

Answers on the Map

Answers color-coded by a green-red scale on the quiz's map according to % correct below.
 

Answer Stats

StateGovernmental District% Correct
North Rhine-WestphaliaCologne
82%
Baden-WürttembergStuttgart
77%
North Rhine-WestphaliaDüsseldorf
76%
BavariaUpper Bavaria
70%
Baden-WürttembergFreiburg
68%
Baden-WürttembergKarlsruhe
66%
BavariaLower Bavaria
65%
BavariaUpper Franconia
65%
BavariaLower Franconia
64%
BavariaSwabia
64%
HesseKassel
62%
HesseDarmstadt
60%
North Rhine-WestphaliaMünster
56%
BavariaMiddle Franconia
49%
BavariaUpper Palatinate
49%
HesseGießen
44%
Baden-WürttembergTübingen
44%
North Rhine-WestphaliaDetmold
34%
North Rhine-WestphaliaArnsberg
31%

Score Distribution

Percentile by Number Answered

Percent of People with Each Score

Your Score History

You have not taken this quiz